New persectives on (im)politeness and interpersonal communication / (Record no. 26971)
[ view plain ]
| 000 -LEADER | |
|---|---|
| fixed length control field | 01539cam a22003615a 4500 |
| 001 - CONTROL NUMBER | |
| control field | 17643942 |
| 005 - DATE AND TIME OF LATEST TRANSACTION | |
| control field | 20181112142151.0 |
| 008 - FIXED-LENGTH DATA ELEMENTS--GENERAL INFORMATION | |
| fixed length control field | 130207s2012 enka frb 001 0 eng d |
| 010 ## - LIBRARY OF CONGRESS CONTROL NUMBER | |
| LC control number | 2013376525 |
| 015 ## - NATIONAL BIBLIOGRAPHY NUMBER | |
| National bibliography number | GBB2B2026 |
| Source | bnb |
| 016 7# - NATIONAL BIBLIOGRAPHIC AGENCY CONTROL NUMBER | |
| Record control number | 016205681 |
| Source | Uk |
| 020 ## - INTERNATIONAL STANDARD BOOK NUMBER | |
| International Standard Book Number | 9781443841719 (hbk.) |
| 020 ## - INTERNATIONAL STANDARD BOOK NUMBER | |
| International Standard Book Number | 1443841714 (hbk.) |
| 035 ## - SYSTEM CONTROL NUMBER | |
| System control number | (OCoLC)ocn817261764 |
| 040 ## - CATALOGING SOURCE | |
| Original cataloging agency | UKMGB |
| Language of cataloging | eng |
| Transcribing agency | UKMGB |
| Modifying agency | OCLCO |
| -- | YDXCP |
| -- | YNK |
| -- | CDX |
| -- | UAT |
| -- | DLC |
| -- | EG-ScBUE |
| 042 ## - AUTHENTICATION CODE | |
| Authentication code | lccopycat |
| 082 04 - DEWEY DECIMAL CLASSIFICATION NUMBER | |
| Classification number | 306.44 |
| Item number | NEW |
| Edition number | 22 |
| 245 00 - TITLE STATEMENT | |
| Title | New persectives on (im)politeness and interpersonal communication / |
| Statement of responsibility, etc | edited by Lucia Fernández Amaya ... [et al.]. |
| 250 ## - EDITION STATEMENT | |
| Edition statement | 1st ed. |
| 260 ## - PUBLICATION, DISTRIBUTION, ETC. (IMPRINT) | |
| Place of publication, distribution, etc | Newcastle upon Tyne : |
| Name of publisher, distributor, etc | Cambridge Scholars Pub., |
| Date of publication, distribution, etc | 2012. |
| 300 ## - PHYSICAL DESCRIPTION | |
| Extent | vi, 278 p. : |
| Other physical details | ill. ; |
| Dimensions | 22 cm. |
| 490 0# - Series Statement | |
| Series statement | Advances in pragmatics and discourse analysis |
| 504 ## - BIBLIOGRAPHY, ETC. NOTE | |
| Bibliography, etc | Includes bibliographical references and index. |
| 505 0# - FORMATTED CONTENTS NOTE | |
| Formatted contents note | State of the art of (im)politeness studies --<br/>(Im)politeness in the mass media --<br/>(Im)politeness, speech acts and language teaching --<br/>(Im)politeness in other specific contexts. |
| 520 ## - SUMMARY, ETC. | |
| Summary, etc | New Perspectives on (Im)Politeness and Interpersonal Communication gathers eleven studies by prominent scholars, which explore issues related to (im)politeness in human communication.<br/><br/> |
| 650 #7 - SUBJECT ADDED ENTRY--TOPICAL TERM | |
| Topical term or geographic name as entry element | Pragmatics. |
| Source of heading or term | BUEsh |
| 9 (RLIN) | 37316 |
| 650 #7 - SUBJECT ADDED ENTRY--TOPICAL TERM | |
| Topical term or geographic name as entry element | Politeness (Linguistics) |
| Source of heading or term | BUEsh |
| 651 ## - SUBJECT ADDED ENTRY--GEOGRAPHIC NAME | |
| Source of heading or term | BUEsh |
| 653 ## - INDEX TERM--UNCONTROLLED | |
| Resource For college | Humanities: English |
| Arrived date list | November2018 |
| 655 ## - INDEX TERM--GENRE/FORM | |
| Form subdivision | Reading book |
| 700 1# - ADDED ENTRY--PERSONAL NAME | |
| Personal name | Fernández-Amaya, Lucia, |
| Relator term | editor. |
| 942 ## - ADDED ENTRY ELEMENTS (KOHA) | |
| Source of classification or shelving scheme | Dewey Decimal Classification |
| Withdrawn status | Item status | Source of classification or shelving scheme | Damaged status | Not for loan | Vendor | Home library | Current library | Shelving location | Date acquired | Source of acquisition | Cost, normal purchase price | Total Checkouts | Full call number | Barcode | Date last seen | Koha item type |
|---|---|---|---|---|---|---|---|---|---|---|---|---|---|---|---|---|
| Dewey Decimal Classification | Baccah | Central Library | Central Library | First floor | 12/11/2018 | Purchase | 1450.00 | 306.44 NEW | 000043860 | 15/07/2025 | Book - Borrowing |